000 00725nam a2200229 c 4500
003 OSt
005 20160517184419.0
008 140512s1976 mx 001*0 spa
008 140512s sp 000 spa
020 _a968-452-182-0
040 _cBMC
082 _a819.9983
100 1 _aGalván, Manuel de J.,
_939007
_d1834-1910
245 1 0 _aEnriquillo
_b: leyenda histórica dominicana (1503-1533)
_cManuel de J. Galván, con estudio de Concha Meléndez
250 _a3ª ed
260 _aMéxico, D.F.
_bPorrúa
_c1976
300 _aXXV, 296 p.
_c22 cm
490 0 _aSepan cuántos...
_v311
650 2 4 _939006
_aNovela dominicana
700 1 _aMeléndez, Concha
_939008
_d1892-1983
942 _2ddc
_cBK
999 _c25118
_d25118